00503nam a22001817a 450000500170000001000150001702000260003203500130005803700130007108200140008410000160009824500470011425000270016126000380018827000510022630000240027750000200030120150417150610.0 aENG-112346 a9788171772803c975.00 aEN-95878 bDBAD/PUB a346.54018 aMitra, B.B. aThe Guardians & Wards act /cby B.B. Mitra a16th ed by M.R.Mallick aKolkattabEastern Law Housec2014 a54, Ganesh Chander Avenue, bKolkatta e700013 a75, 671p.c24cm(Hb) aIncludes index